000 00622nam a2200181 a 4500
001 000032753
003 DO-SdBNP
005 20230217092916.0
008 110726s1961 ve 000 0 spa d
040 _aDO-SdBNP
_bspa
_cBNPHU
049 _aBNPD
100 1 _aJimenes Grullón, J. I.
_952789
245 1 0 _aMedicina y cultura :
_bcinco ensayos precedido de una introducción /
_cJ. I. Jimenes Grullón ; prólogo de Pedro Ricón Gutierrez.
260 _aVenezuela :
_bUniversidad de los Andes, Facultad de Medicina,
_c1961.
300 _a172 p. ;
_c23 cm.
700 1 _aRicón Gutierrez, Pedro
_958585
942 _2ddc
_cLBS1
999 _c32244
_d32244